000 00459nam a2200169 i 4500
001 bg
100 1 _aZakrzewski, Marek
_d(1923- ).
245 0 _aWytrzymałość materiałów /
_cMarek Zakrzewski, Jerzy Zawadzki.
260 _aWarszawa,
_c1983.
650 9 _aWytrzymałość materiałów
655 _aPodręczniki akademickie
700 1 _aZawadzki, Jerzy.
040 _cBPK
041 _apol
942 _cKS
008 s pl f |000 0 pol
999 _c1876
_d1876
856 _uhttp://koha.tu.koszalin.pl/cgi-bin/koha/opac-detail.pl?biblionumber=1876
_yKatalog online BPK